00344nam a2200133Ia 4500003000400000040000800004041000700012245004400019260002200063362001800085942001100103952007700114999001900191LDD cLDD aen 0aJournal of Peace Research to be entered c1 Jul-31 Dec,2006 a43-43b04-Jun 2ddccJ 00102ddc40709179463aLDDbLDDl0pJ010367r2019-03-13w2019-03-13yJ c179690d179690